Statistics for All Main Pokémon Games

Click here to take the quiz!

General Stats

  • This quiz has been taken 95 times
    (43 since last reset)
  • The average score is 33 of 37

Answer Stats

Year ReleasedGame% Correct
1996Blue
97%
1996Red
97%
2019Shield
97%
2019Sword
97%
2013X
97%
2013Y
97%
1998Yellow
97%
1999Gold
94%
2006Pearl
94%
2002Ruby
94%
1999Silver
94%
2009SoulSilver
94%
2022Violet
94%
2010Black
91%
2006Diamond
91%
2004Emerald
91%
2022Scarlet
91%
2010White
91%
2012Black 2
88%
2004FireRed
88%
2009HeartGold
88%
2014Omega Ruby
88%
2002Sapphire
88%
2012White 2
88%
2014Alpha Sapphire
85%
2000Crystal
85%
2004LeafGreen
85%
2016Moon
85%
2016Sun
85%
2017Ultra Moon
85%
2017Ultra Sun
85%
2018Let's Go, Eevee!
82%
2018Let's Go, Pikachu!
82%
2022Legends: Arceus
79%
2008Platinum
79%
2021Brilliant Diamond
73%
2021Shining Pearl
73%

Score Distribution

Percentile by Number Answered

Percent of People with Each Score

Your Score History

You have not taken this quiz since the last reset